مكتبة جامعة عجلون الوطنية

فهرس بحث المكتبة

Normal view MARC view
  • تأليف العريمي، ايمن؛ التدقيق اللغوي سامي صقر

Entry Personal Name

Number of records used in: 1

001 - CONTROL NUMBER

  • control field: 61058

003 - CONTROL NUMBER IDENTIFIER

  • control field: JO-AjAnu

005 - DATE AND TIME OF LATEST TRANSACTION

  • control field: 20230606083958.0

008 - FIXED-LENGTH DATA ELEMENTS

  • fixed length control field: 230606|| aca||aabn | a|a d

040 ## - CATALOGING SOURCE

  • Original cataloging agency: JO-AjAnu
  • Transcribing agency: JO-AjAnu

100 ## - HEADING--PERSONAL NAME

  • Personal name: تأليف العريمي، ايمن؛ التدقيق اللغوي سامي صقر

670 ## - SOURCE DATA FOUND

  • Source citation: Work cat.: (JO-AjAnu)31143: تأليف العريمي، ايمن؛ التدقيق اللغوي سامي صقر, author, زيادة قدراتك الذهنية وتفعيل طاقاتك الكامنة